Gra o tron - uniwersum - Statystyki

Ogólne statystyki
  • Ten quiz został rozwiązany 2 252 razy
  • Średni wynik to 26 z 45
Statystyki odpowiedzi
Hint Odpowiedź % Poprawnych
Zawsze oddają swoje długi Lannisterowie
91%
Zamek rodowy Starków Winterfell
81%
Wilkor Jona Snowa Duch
75%
Mają w herbie wilkora Starkowie
74%
Bractwo, które pilnuje wielkiego muru Nocna Straż
72%
Przywódca nieskalanych Szary Robak
71%
Eunuch - aktualnie służy królowej smoków Varys
71%
Najstarsza córka Eddarda Sansa Stark
70%
Pojedynek Jona z Ramseyem został nazwany... Bitwa Bękartów
69%
Wykastrowana armia Królowej smoków Nieskalani
69%
Król umarłych Nocny Król
69%
Deaneris jest dla Jona Snowa? Ciotką
68%
Najstarszy syn Edddarda Robb Stark
68%
Ród który odebrał północ Starkom Bolton
67%
Spadł z wieży Bran Stark
66%
Wychowanek Eddarda Starka, zabrany z żelaznych wysp Theon Greyjoy
66%
Ginie z kuszy zabity przez własne dziecko Tywin Lannister
66%
teren na którym dzieje się większość wydarzeń Westeros
66%
Krasnolud Tyrion Lannister
64%
Królowa z rodu Lannisterów Cersei Lannister
62%
Król upolowany przez dzika Robert Baratheon
60%
Zamek Rodowy Lanisterów Casterly Rock
58%
Ostatni król pólnocy Jon Snow
57%
Jego ksywa to królobójca Jaime Lannister
56%
Ogar Sandor Clegane
56%
Największy ze smoków Drogon
55%
Nieżywi za murem Inni
53%
Wilkor Sansy Stark Dama
52%
Drugi mąż Sansy Ramsey Bolton
52%
Przyjaciel Jona - Chce zostać Mastrem Samwell Tarly
51%
Rodzinne miejsce Targeryenów Smocza skała
51%
Kto wypowiada te słowa:"Nie wiesz nic Jonie Snow" Ygritte
50%
Obiecany został mu zamek, którego nigdy nie ujrzał Bron
46%
Góra Gregor Clegane
46%
Ginie na własnym weselu Joffrey Baratheon
45%
Kontynent zanjdujący się za wąskim morzem Essos
44%
Wierzy w nich Eddard Stark Starzy Bogowie
44%
Cebulowy rycerz Davos Seaworth
43%
Zdradził Neda w stolicy Petyr Baelish
40%
Król za murem Mance Rayder
37%
W niego wierzą na żelaznych wyspach Utopiony Bóg
35%
Wydarzenie, które sprawiło, że Ród Targeryenów stracił żelazny tron Rebelia Roberta
34%
Szalony król Aerys Targaryen
33%
Wojna wywołana przez nieprawego władce na tronie - Jofreya Wojna Pięciu Królów
31%
Królowa smoków Deanerys targaryen
25%
Nie znaleziono quizów pasujących do podanych kryteriów
Rozkład punktacji
Procent ludzi z każdym wynikiem
Percentyl według liczby udzielonych odpowiedzi
Twoja historia wyników
Nie rozwiązałeś tego quizu